000 00745nam a2200253 b 4500
001 104770
003 ES-SlBCS
005 20210327224003.0
008 030730s2003 sp | ||| ||spa
016 7 _abimoBNE20030654870
_2SpMaBN
017 _aZ 565-2003
_bOficina Depósito Legal Zaragoza
020 _a8474678846
040 _aSpMaBN
_bspa
_cSpMaBN
_erdc
_dES-SlBCS
080 0 _a264.02
080 0 _a246
100 1 0 _aAldazábal, José
_d1933-2006
_989853
245 1 0 _aGestos y símbolos
_cJosé Aldazábal
250 _a7ª ed. rev. y act.
260 _aBarcelona :
_bCentre de Pastoral Litúrgica
_c, 2003
300 _a397 p. ;
_c22 cm
490 _aDossiers CPL ;
_v40
650 7 _aGestos Litúrgicos
_989854
942 _2lcc
_cBK
999 _c450405
_d450405